000 01275nam a22003617a 4500
003 DO-SdBPM
005 20250819101340.0
007 ta
008 161031b 1996 xx a 00| 0 spa d
020 _a0673770818
022 _a
040 _aDO-SdBPM
_bspa
_cBPMSU
_erda
082 4 _a945.59224
_bC965t 1996
_222
100 1 _aCuesta, Vivian
_eautor
245 1 4 _aLos títeres /
_cMarilyn Price ; adaptación Vivian Cuesta ; traducción Olivia Ruiz, Patricia Almada, Lourdes Davis Machado, Roni Capin Rivera Ashford.
260 _c
264 _aEstados Unidos :
_bCelebration Press,
_bScott Foresman,
_c1996
300 _a16 páginas :
_bilustraciones ;
_c18 cm.
336 _atexto
_btxt
_2rdacontent
337 _asin mediación
_bn
_2rdamedia
338 _avolumen
_bnc
_2rdacarrier
490 0 _aPequeñitas celebraciones
590 _aInnventariado, 2025/VM
650 7 _aTrabajos manuales (Educación)
650 7 _aTíteres y teatro de títeres
_x Obras manuales.
_v
650 7 _aLibros ilustrados para niños
700 1 _aPrice, Marilyn
_e
700 1 _aRuiz, Olivia
_etraductor
700 1 2 _aAlmada, Patricia
_etraductora
700 1 2 _aDavis Machado, Lourdes
_etrad.
910 _aVMateo V. Control de calidad. BPMSU
942 _2ddc
_cBK
999 _c12717
_d12717